[Event "PNWCC vs Europe Hybrid 08"]
[Site "Chess.com INT"]
[Date "2022.08.21"]
[Round "6"]
[White "Badev, Kiril"]
[Black "Liu, Aiden Q"]
[Result "1-0"]
[WhiteElo "2146"]
[BlackElo "1858"]
[PlyCount "103"]
[EventDate "2022.08.19"]
[EventType "team-match"]
[EventRounds "8"]
[EventCountry "USA"]
[SourceTitle "EXT 2024"]
[Source "ChessBase"]
[SourceDate "2023.10.10"]
[SourceVersion "1"]
[SourceVersionDate "2023.10.10"]
[SourceQuality "1"]
[WhiteTeam "Europe"]
[BlackTeam "PNWCC"]
[BlackTeamCountry "USA"]

1. e3 Nf6 2. c4 c6 3. Nf3 d5 4. Nc3 Bf5 5. cxd5 cxd5 6. Qb3 e6 7. Qxb7 Nbd7 8. Bb5 Bd6 9. Nd4 0-0 10. Nxf5 Nc5 11. Qc6 exf5 12. Nxd5 Nfe4 13. Nc3 a6 14. Bc4 Rc8 15. Qd5 Nxc3 16. dxc3 Ne4 17. Bd3 Nxf2 18. Qxf5 Nxd3+ 19. Qxd3 Qh4+ 20. Kd2 Rfd8 21. Kc2 Bxh2 22. Qf5 g6 23. Qf4 Qh5 24. Qf3 Qb5 25. e4 Be5 26. a4 Qc4 27. Rd1 Rxd1 28. Kxd1 Qb3+ 29. Ke1 Rxc3 30. bxc3 Qxc3+ 31. Qxc3 Bxc3+ 32. Ke2 Bxa1 33. Kd3 Kg7 34. Kc4 Kf6 35. Kb4 Ke5 36. Ka5 Kxe4 37. Kxa6 f5 38. Kb5 f4 39. a5 g5 40. Ba3 Bd4 41. Bc5 g4 42. a6 Bxc5 43. Kxc5 f3 44. a7 f2 45. a8Q+ Ke3 46. Qa6 h5 47. Qf1 h4 48. Kc4 g3 49. Qd3+ Kf4 50. Qf3+ Ke5 51. Kd3 f1Q+ 52. Qxf1 1-0

[Event "PNWCC-Bulgaria Hybrid m3"]
[Site "Chess.com INT"]
[Date "2022.01.30"]
[Round "3"]
[White "Badev, Kiril"]
[Black "Nathan, Nitish"]
[Result "1-0"]
[WhiteElo "2113"]
[BlackElo "1864"]
[PlyCount "115"]
[EventDate "2022.01.29"]
[EventType "team-match"]
[EventRounds "4"]
[EventCountry "USA"]
[SourceTitle "CBM 206 Extra"]
[Source "ChessBase"]
[SourceDate "2022.03.31"]
[SourceVersion "1"]
[SourceVersionDate "2022.03.31"]
[SourceQuality "1"]
[WhiteTeam "Bulgaria"]
[BlackTeam "PNWCC"]
[WhiteTeamCountry "BUL"]
[BlackTeamCountry "USA"]

1. e4 c5 2. c3 e6 3. d4 d5 4. exd5 exd5 5. Nf3 Nc6 6. Bb5 Bd6 7. 0-0 Nge7 8. dxc5 Bxc5 9. Nbd2 0-0 10. Nb3 Bd6 11. h3 Bc7 12. Bd3 Bf5 13. Bxf5 Nxf5 14. Qd3 Nfe7 15. Be3 Ne5 16. Nxe5 Bxe5 17. Rfe1 Bd6 18. Rad1 Qd7 19. Bg5 f6 20. Be3 Rfd8 21. Re2 Kh8 22. Bc5 Nc6 23. Rde1 Be5 24. Nd4 Rac8 25. Nxc6 Rxc6 26. Bd4 Bd6 27. Bxa7 b6 28. Qe3 Qc7 29. Qe8+ Bf8 30. Qxd8 Qxd8 31. Re8 Qxe8 32. Rxe8 Kg8 33. Rd8 Kf7 34. Rxd5 Bd6 35. Rb5 Bc7 36. g3 Ke6 37. c4 Kd6 38. b4 Rxc4 39. Bxb6 Kc6 40. Rc5+ Rxc5 41. Bxc5 Kb5 42. Kf1 f5 43. Ke2 g5 44. g4 fxg4 45. hxg4 Bf4 46. Kd3 Bc1 47. Kc2 Bf4 48. Kb3 Kc6 49. Kc4 Bc7 50. a4 Kb7 51. Kb5 Bf4 52. a5 Ka8 53. Kc6 Be3 54. Bxe3 h5 55. gxh5 Kb8 56. h6 Ka8 57. h7 Kb8 58. h8Q# 1-0

[Event "BUL-ch 83rd"]
[Site "Kozloduy"]
[Date "2019.03.05"]
[Round "8"]
[White "Delchev, Aleksander"]
[Black "Badev, Kiril"]
[Result "1-0"]
[WhiteElo "2556"]
[BlackElo "2138"]
[PlyCount "65"]
[EventDate "2019.02.26"]
[EventType "tourn"]
[EventRounds "9"]
[EventCountry "BUL"]
[EventCategory "6"]
[SourceTitle "CBM 189 Extra"]
[Source "ChessBase"]
[SourceDate "2019.06.03"]
[SourceVersion "1"]
[SourceVersionDate "2019.06.03"]
[SourceQuality "1"]

1. e4 c5 2. Nf3 d6 3. d4 Nf6 4. Nc3 cxd4 5. Nxd4 a6 6. Be2 e5 7. Nb3 Be7 8. 0-0 0-0 9. Bf3 Be6 10. Re1 Nbd7 11. a4 Rc8 12. a5 Nc5 13. Be3 Nxb3 14. cxb3 Nd7 15. Bg4 Nc5 16. Bxe6 Nxe6 17. Qd5 Rc6 18. b4 Bg5 19. b5 axb5 20. Bb6 Qd7 21. Qd1 Rfc8 22. g3 b4 23. Nd5 Rc2 24. Nxb4 Rxb2 25. Nd5 Rcc2 26. Qg4 Bd8 27. Be3 Qb5 28. Red1 g6 29. h4 h5 30. Qf3 Kg7 31. Nb6 Bxb6 32. axb6 Nd4 33. Rxd4 1-0

[Event "BUL-ch 83rd"]
[Site "Kozloduy"]
[Date "2019.03.04"]
[Round "7"]
[White "Badev, Kiril"]
[Black "Kozhuharov, Spas"]
[Result "0-1"]
[WhiteElo "2138"]
[BlackElo "2432"]
[PlyCount "72"]
[EventDate "2019.02.26"]
[EventType "tourn"]
[EventRounds "9"]
[EventCountry "BUL"]
[EventCategory "6"]
[SourceTitle "CBM 189 Extra"]
[Source "ChessBase"]
[SourceDate "2019.06.03"]
[SourceVersion "1"]
[SourceVersionDate "2019.06.03"]
[SourceQuality "1"]

1. e4 c6 2. d4 d5 3. e5 Bf5 4. Nc3 e6 5. g4 Bg6 6. Nge2 c5 7. h4 h5 8. Nf4 Bh7 9. g5 cxd4 10. Nb5 Be4 11. f3 Bf5 12. Nxd4 g6 13. Bb5+ Nd7 14. Bxd7+ Qxd7 15. Nxf5 gxf5 16. Be3 Ne7 17. c4 dxc4 18. Qxd7+ Kxd7 19. 0-0-0+ Ke8 20. Rh2 Bg7 21. Rhd2 Bxe5 22. g6 Bxf4 23. Bxf4 Nd5 24. g7 Rg8 25. Rxd5 exd5 26. Be5 Ke7 27. Bc3 f6 28. Rxd5 Ke6 29. Rd4 Rac8 30. Bb4 Rxg7 31. Rd6+ Ke5 32. Rd1 Kf4 33. Rf1 Rg2 34. Bc3 Rc6 35. a4 Rd6 36. Bb4 Rd3 0-1

[Event "Primorsko op"]
[Site "Primorsko"]
[Date "2018.09.20"]
[Round "5"]
[White "Todorov, Ognjan"]
[Black "Badev, Kiril"]
[Result "1-0"]
[WhiteElo "2236"]
[BlackElo "2170"]
[PlyCount "63"]
[EventDate "2018.09.16"]
[EventType "swiss"]
[EventRounds "9"]
[EventCountry "BUL"]
[SourceTitle "CBM 186 Extra"]
[Source "ChessBase"]
[SourceDate "2018.08.24"]
[SourceVersion "1"]
[SourceVersionDate "2018.08.24"]
[SourceQuality "1"]

1. d4 d5 2. Nf3 Nf6 3. c4 e6 4. Nc3 c6 5. Bg5 Nbd7 6. cxd5 exd5 7. e3 h6 8. Bh4 g5 9. Bg3 Nh5 10. Be5 Nxe5 11. Nxe5 Nf6 12. Bd3 Bd6 13. f4 gxf4 14. 0-0 Bxe5 15. dxe5 Ng4 16. Rxf4 Nxe5 17. Qh5 Qg5 18. Qe2 Bg4 19. Qf1 0-0-0 20. Re1 Kb8 21. Bf5 h5 22. h3 Bxf5 23. Rxf5 Qg3 24. b4 Rhg8 25. Kh1 Rg5 26. Rxg5 Qxg5 27. Na4 b6 28. Nc3 Nc4 29. b5 Nxe3 30. Qf3 d4 31. bxc6 Nc4 32. Qxf7 1-0

[Event "Primorsko op"]
[Site "Primorsko"]
[Date "2018.09.19"]
[Round "4"]
[White "Badev, Kiril"]
[Black "Kolev, Lachezar"]
[Result "1-0"]
[WhiteElo "2170"]
[BlackElo "1956"]
[PlyCount "62"]
[EventDate "2018.09.16"]
[EventType "swiss"]
[EventRounds "9"]
[EventCountry "BUL"]
[SourceTitle "CBM 186 Extra"]
[Source "ChessBase"]
[SourceDate "2018.08.24"]
[SourceVersion "1"]
[SourceVersionDate "2018.08.24"]
[SourceQuality "1"]

1. Nf3 d5 2. b3 Bf5 3. Bb2 e6 4. e3 Nf6 5. Be2 h6 6. d3 Bd6 7. Nbd2 0-0 8. Ne5 Nbd7 9. f4 Bh7 10. 0-0 c6 11. Qe1 Be7 12. Qg3 Nxe5 13. Bxe5 Ne8 14. c4 Bf6 15. Rac1 Nd6 16. Nf3 Nf5 17. Qf2 Bxe5 18. Nxe5 d4 19. e4 Ne3 20. Rfe1 c5 21. Ng4 Nxg4 22. Bxg4 Qf6 23. Rf1 Rfe8 24. Qd2 a5 25. Rf3 Kh8 26. Rb1 b6 27. Bh3 h5 28. Rg3 Qh6 29. Qc1 f6 30. Rf3 Kg8 31. e5 f5 1-0

[Event "Teteven op 32nd"]
[Site "Teteven"]
[Date "2018.08.12"]
[Round "2"]
[White "Badev, Kiril"]
[Black "Nikolov, Petko"]
[Result "1-0"]
[WhiteElo "2170"]
[BlackElo "1909"]
[PlyCount "81"]
[EventDate "2018.08.11"]
[EventType "swiss"]
[EventRounds "9"]
[EventCountry "BUL"]
[SourceTitle "CBM 186 Extra"]
[Source "ChessBase"]
[SourceDate "2018.08.24"]
[SourceVersion "1"]
[SourceVersionDate "2018.08.24"]
[SourceQuality "1"]

1. d4 e6 2. Nf3 f5 3. d5 Be7 4. Nc3 Nf6 5. Bf4 0-0 6. e3 a5 7. Bc4 Na6 8. 0-0 Nc5 9. dxe6 Nxe6 10. Bxe6+ dxe6 11. Qxd8 Bxd8 12. Nb5 Bd7 13. a4 Bxb5 14. axb5 Nd5 15. Be5 Bf6 16. Bxf6 gxf6 17. Rfd1 Rfd8 18. g3 b6 19. Nd4 Kf7 20. Nc6 Rd6 21. Ra4 Ne7 22. Rxd6 cxd6 23. Nxe7 Kxe7 24. Rc4 Kd7 25. Kg2 Rc8 26. Rxc8 Kxc8 27. Kh3 Kd7 28. Kh4 Ke7 29. Kh5 Kf7 30. Kh6 Kg8 31. c4 e5 32. f3 Kh8 33. h3 Kg8 34. g4 fxg4 35. hxg4 Kh8 36. f4 Kg8 37. fxe5 fxe5 38. g5 a4 39. e4 Kh8 40. g6 hxg6 41. Kxg6 1-0

[Event "Teteven op 32nd"]
[Site "Teteven"]
[Date "2018.08.11"]
[Round "1"]
[White "Nikolov, Yavor"]
[Black "Badev, Kiril"]
[Result "0-1"]
[WhiteElo "1775"]
[BlackElo "2170"]
[PlyCount "76"]
[EventDate "2018.08.11"]
[EventType "swiss"]
[EventRounds "9"]
[EventCountry "BUL"]
[SourceTitle "CBM 186 Extra"]
[Source "ChessBase"]
[SourceDate "2018.08.24"]
[SourceVersion "1"]
[SourceVersionDate "2018.08.24"]
[SourceQuality "1"]

1. e4 e5 2. Nf3 Qe7 3. Bc4 g6 4. 0-0 Bg7 5. c3 Nf6 6. d3 0-0 7. Bg5 d6 8. Nbd2 h6 9. Bh4 c6 10. b4 Qc7 11. Rc1 Nh5 12. Bg3 Nd7 13. Bb3 a5 14. a3 Nb6 15. Nc4 Nxc4 16. Bxc4 axb4 17. axb4 Ra3 18. Ra1 Rxa1 19. Qxa1 Bg4 20. Qd1 d5 21. exd5 b5 22. d6 Qxd6 23. Bb3 Rd8 24. h3 Bf5 25. Bh4 Rd7 26. Qa1 Bxd3 27. Re1 e4 28. Qa8+ Kh7 29. Qe8 exf3 30. Bxf7 Rxf7 31. Qxf7 Qf4 32. Re7 Qxh4 33. Re8 Bc4 34. Qxf3 Bd5 35. Qe3 Qg5 36. Qxg5 hxg5 37. Re3 Nf4 38. f3 Bxc3 0-1

[Event "Albena op-A"]
[Site "Albena"]
[Date "2016.06.25"]
[Round "8"]
[White "Badev, Kiril"]
[Black "Dimitrov, Vladimir"]
[Result "1/2-1/2"]
[WhiteElo "2320"]
[BlackElo "2416"]
[PlyCount "59"]
[EventDate "2016.06.18"]
[EventType "swiss"]
[EventRounds "9"]
[EventCountry "BUL"]
[SourceTitle "CBM 173 Extra"]
[Source "ChessBase"]
[SourceDate "2016.08.29"]
[SourceVersion "1"]
[SourceVersionDate "2016.08.29"]
[SourceQuality "1"]

1. e4 c5 2. Nf3 e6 3. d4 cxd4 4. Nxd4 Nc6 5. Nc3 Qc7 6. a3 a6 7. g3 Nf6 8. Bg2 d6 9. 0-0 Be7 10. Nb3 0-0 11. g4 Re8 12. g5 Nd7 13. f4 Bf8 14. Qh5 Rb8 15. Rf3 g6 16. Qh4 b5 17. f5 Nde5 18. Rh3 h5 19. gxh6 Kh7 20. Rg3 b4 21. axb4 Rxb4 22. fxg6+ fxg6 23. Bf4 Be7 24. Bg5 Rf8 25. Bxe7 Qxe7 26. Qxe7+ Nxe7 27. Rd1 Rb6 28. Na4 Rb4 29. Nc3 Rb6 30. Na4 1/2-1/2

[Event "Albena op-A"]
[Site "Albena"]
[Date "2016.06.23"]
[Round "6"]
[White "Kravec, Patrik"]
[Black "Badev, Kiril"]
[Result "0-1"]
[WhiteElo "2156"]
[BlackElo "2320"]
[PlyCount "110"]
[EventDate "2016.06.18"]
[EventType "swiss"]
[EventRounds "9"]
[EventCountry "BUL"]
[SourceTitle "CBM 173 Extra"]
[Source "ChessBase"]
[SourceDate "2016.08.29"]
[SourceVersion "1"]
[SourceVersionDate "2016.08.29"]
[SourceQuality "1"]

1. e4 d6 2. d4 g6 3. Nc3 Bg7 4. g3 e5 5. dxe5 dxe5 6. Qxd8+ Kxd8 7. Be3 c6 8. 0-0-0+ Ke8 9. Bh3 Bxh3 10. Nxh3 Nd7 11. Rd2 Nb6 12. b3 Nf6 13. f3 Bf8 14. Kb2 Nfd7 15. Rhd1 Bc5 16. Bxc5 Nxc5 17. Nf2 a5 18. Ng4 Ncd7 19. f4 exf4 20. gxf4 h5 21. Ne3 Ke7 22. Rd4 Nc5 23. Nc4 Nxc4+ 24. Rxc4 Nd7 25. e5 Rhd8 26. Rcd4 Nc5 27. Kc1 Rxd4 28. Rxd4 Ne6 29. Re4 Rd8 30. Ne2 Rd5 31. Kb2 Rd1 32. f5 gxf5 33. Rh4 Re1 34. Ng3 Rxe5 35. Rxh5 Kf6 36. Rh8 f4 37. Nf1 Re2 38. Kc3 f3 39. Rh3 Ng5 40. Rh4 Re1 41. Ng3 Ke5 42. Rh5 Kf4 43. Rh4+ Ke5 44. Rh5 Kf6 45. Rh4 Ne6 46. Rh6+ Kg5 47. Rh5+ Kg4 48. Rf5 Nf4 49. Rxf7 f2 50. Kd2 b5 51. a4 b4 52. Rf6 Rg1 53. Rxc6 Rxg3 54. hxg3 f1Q 55. gxf4 Qg2+ 0-1

[Event "Albena op-A"]
[Site "Albena"]
[Date "2016.06.19"]
[Round "2"]
[White "Bernadskiy, Vitaliy"]
[Black "Badev, Kiril"]
[Result "1-0"]
[WhiteElo "2521"]
[BlackElo "2320"]
[PlyCount "59"]
[EventDate "2016.06.18"]
[EventType "swiss"]
[EventRounds "9"]
[EventCountry "BUL"]
[SourceTitle "CBM 173 Extra"]
[Source "ChessBase"]
[SourceDate "2016.08.29"]
[SourceVersion "1"]
[SourceVersionDate "2016.08.29"]
[SourceQuality "1"]

1. d4 Nf6 2. c4 d6 3. Nf3 Nbd7 4. Nc3 e5 5. e4 Be7 6. Be2 0-0 7. 0-0 exd4 8. Nxd4 Re8 9. Qc2 c6 10. Rd1 Qc7 11. Bf4 Bf8 12. Bg3 Nc5 13. Bf3 a5 14. Nb3 Nxb3 15. axb3 Nd7 16. Na4 Ne5 17. Be2 g5 18. f3 f5 19. exf5 Qf7 20. Qd2 Bxf5 21. Qxg5+ Kh8 22. Nb6 Rad8 23. Rxa5 h6 24. Qd2 Bg7 25. Bh4 Rb8 26. Qxd6 Ng6 27. Rxf5 Qxf5 28. Bd3 Qf4 29. Qxg6 Kg8 30. Qh7+ 1-0

[Event "Sofia ChessBomb op 3rd"]
[Site "Sofia"]
[Date "2016.04.17"]
[Round "4"]
[White "Badev, Kiril"]
[Black "Vasilev, Nikolai"]
[Result "1/2-1/2"]
[WhiteElo "2320"]
[BlackElo "2305"]
[PlyCount "61"]
[EventDate "2016.04.16"]
[EventType "swiss"]
[EventRounds "6"]
[EventCountry "BUL"]
[SourceTitle "CBM 171 Extra"]
[Source "ChessBase"]
[SourceDate "2016.04.26"]
[SourceVersion "1"]
[SourceVersionDate "2016.04.26"]
[SourceQuality "1"]

1. e4 c5 2. Nf3 d6 3. d4 cxd4 4. Nxd4 Nf6 5. Nc3 a6 6. Be2 e5 7. Nf3 Qc7 8. Bg5 Nbd7 9. 0-0 h6 10. Bh4 Be7 11. a4 b6 12. Nd2 Bb7 13. Nc4 0-0 14. Ne3 Rfe8 15. Bc4 Rac8 16. Qf3 Qb8 17. Bb3 Rxc3 18. bxc3 Bxe4 19. Qe2 Qb7 20. f3 Bc6 21. Bc4 Nc5 22. Nf5 d5 23. Bxf6 gxf6 24. f4 Bf8 25. Qg4+ Kh7 26. Be2 Ne4 27. Bd3 Bc5+ 28. Kh1 Rg8 29. Qh3 Rg6 30. Nh4 Bd7 31. f5 1/2-1/2

[Event "Sofia ChessBomb op 2nd"]
[Site "Sofia"]
[Date "2015.12.13"]
[Round "4"]
[White "Drenchev, Petar"]
[Black "Badev, Kiril"]
[Result "1-0"]
[WhiteElo "2480"]
[BlackElo "2309"]
[PlyCount "55"]
[EventDate "2015.12.12"]
[EventType "swiss"]
[EventRounds "6"]
[EventCountry "BUL"]
[SourceTitle "CBM 169 Extra"]
[Source "ChessBase"]
[SourceDate "2015.12.18"]
[SourceVersion "1"]
[SourceVersionDate "2015.12.18"]
[SourceQuality "1"]

1. e4 c5 2. Nf3 e6 3. d4 cxd4 4. Nxd4 Nf6 5. Nc3 d6 6. Be3 Be7 7. g4 0-0 8. g5 Nfd7 9. Qg4 Nc6 10. 0-0-0 Nxd4 11. Rxd4 Ne5 12. Qg2 f5 13. exf5 Rxf5 14. f4 Nc6 15. Rd2 Qf8 16. Bd3 Rxf4 17. Bxf4 Qxf4 18. Ne4 Bd7 19. Rf1 Qh4 20. Nf6+ Kh8 21. Nxd7 Bxg5 22. Nf8 Ne5 23. Nxe6 Nxd3+ 24. Kb1 Bf6 25. cxd3 Re8 26. Re2 Qb4 27. Rxf6 Qxb2+ 28. Kxb2 1-0

[Event "Sofia ChessBomb op 2nd"]
[Site "Sofia"]
[Date "2015.12.13"]
[Round "5"]
[White "Petrov, Vladimir Sergeev"]
[Black "Badev, Kiril"]
[Result "1-0"]
[WhiteElo "2390"]
[BlackElo "2309"]
[PlyCount "63"]
[EventDate "2015.12.12"]
[EventType "swiss"]
[EventRounds "6"]
[EventCountry "BUL"]
[SourceTitle "CBM 169 Extra"]
[Source "ChessBase"]
[SourceDate "2015.12.18"]
[SourceVersion "1"]
[SourceVersionDate "2015.12.18"]
[SourceQuality "1"]

1. e4 c5 2. Nf3 e6 3. d4 cxd4 4. Nxd4 Nf6 5. Nc3 d6 6. Be2 Be7 7. 0-0 0-0 8. Be3 a6 9. f4 Qc7 10. Kh1 Re8 11. Qe1 Nc6 12. Qg3 Bd7 13. Rad1 b5 14. e5 Nd5 15. Nf5 exf5 16. Nxd5 Qd8 17. Nxe7+ Nxe7 18. Rxd6 Qc7 19. Rfd1 Be6 20. Bf3 Rac8 21. c3 Bxa2 22. Rxa6 Bb3 23. Rd4 b4 24. Rxb4 Nd5 25. Ra7 Qd8 26. Rxb3 Nxe3 27. Qe1 Qd3 28. Rbb7 Rb8 29. Rxf7 Rxb2 30. Rxg7+ Kh8 31. Rxh7+ Kg8 32. Rhg7+ 1-0

[Event "Sofia ChessBomb op 2nd"]
[Site "Sofia"]
[Date "2015.12.12"]
[Round "3"]
[White "Badev, Kiril"]
[Black "Gelemerov, Yane"]
[Result "1-0"]
[WhiteElo "2309"]
[BlackElo "2015"]
[PlyCount "93"]
[EventDate "2015.12.12"]
[EventType "swiss"]
[EventRounds "6"]
[EventCountry "BUL"]
[SourceTitle "CBM 169 Extra"]
[Source "ChessBase"]
[SourceDate "2015.12.18"]
[SourceVersion "1"]
[SourceVersionDate "2015.12.18"]
[SourceQuality "1"]

1. e4 e5 2. Nc3 Bc5 3. g3 d6 4. Bg2 Nc6 5. Nge2 Nge7 6. Na4 Bb6 7. Nxb6 axb6 8. d4 exd4 9. Nxd4 0-0 10. 0-0 Nxd4 11. Qxd4 Nc6 12. Qc3 Be6 13. b3 f6 14. Bb2 Qd7 15. Rfe1 Rfe8 16. a4 Re7 17. Rad1 Rae8 18. h4 Kh8 19. Kh2 Qc8 20. f4 Bg4 21. Rd3 Qe6 22. Qd2 Qf7 23. Rde3 h6 24. c4 Qg8 25. Bf1 Be6 26. Be2 Bf7 27. Bf3 Bg6 28. g4 Qh7 29. Qg2 Kg8 30. R3e2 Nb4 31. h5 Bf7 32. Re3 Kh8 33. Qd2 Nc6 34. Kg3 Be6 35. Bc3 Qg8 36. Bd1 Qf7 37. Bc2 Bc8 38. Qd3 Qe6 39. Bd1 Qf7 40. Kf2 Nd8 41. Kg3 Ne6 42. b4 Bd7 43. Bc2 Nf8 44. e5 f5 45. gxf5 Qxh5 46. e6 Bc8 47. Bd1 1-0

[Event "Teteven op 30th"]
[Site "Teteven"]
[Date "2015.08.10"]
[Round "1"]
[White "Badev, Kiril"]
[Black "Bocheva, Margarita"]
[Result "1-0"]
[WhiteElo "2320"]
[BlackElo "1723"]
[PlyCount "73"]
[EventDate "2015.08.10"]
[EventType "swiss"]
[EventRounds "9"]
[EventCountry "BUL"]
[SourceTitle "CBM 167 Extra"]
[Source "ChessBase"]
[SourceDate "2015.09.14"]
[SourceVersion "1"]
[SourceVersionDate "2015.09.14"]
[SourceQuality "1"]

1. d4 Nf6 2. c4 d6 3. Nc3 c6 4. e4 Nbd7 5. g3 g6 6. Bg2 Bg7 7. Nge2 0-0 8. 0-0 Nb6 9. b3 Nh5 10. a4 Re8 11. Be3 e5 12. f4 Bg4 13. fxe5 dxe5 14. d5 cxd5 15. exd5 e4 16. Rc1 f5 17. Qd2 Bxe2 18. Nxe2 Nd7 19. Nd4 Nf8 20. Nb5 a6 21. Nc3 Rc8 22. g4 f4 23. gxh5 fxe3 24. Qxe3 gxh5 25. Nxe4 Ng6 26. d6 Ne5 27. Rcd1 Ng4 28. Qg5 Re5 29. d7 Rxg5 30. Nxg5 Ne3 31. Ne6 Nxd1 32. Nxd8 Rxd8 33. Rxd1 b6 34. Bd5+ Kh8 35. Be6 Bf8 36. Kg2 Be7 37. Rf1 1-0

[Event "Veliko Gradiste Silver Lake op-A"]
[Site "Veliko Gradiste"]
[Date "2015.06.27"]
[Round "8"]
[White "Pikula, Dejan"]
[Black "Badev, Kiril"]
[Result "1-0"]
[WhiteElo "2469"]
[BlackElo "2359"]
[PlyCount "87"]
[EventDate "2015.06.20"]
[EventType "swiss"]
[EventRounds "9"]
[EventCountry "SRB"]
[SourceTitle "CBM 167 Extra"]
[Source "ChessBase"]
[SourceDate "2015.09.14"]
[SourceVersion "1"]
[SourceVersionDate "2015.09.14"]
[SourceQuality "1"]

1. e4 e6 2. d3 d5 3. Qe2 Nf6 4. Nf3 c5 5. g3 Nc6 6. Bg2 Be7 7. 0-0 0-0 8. e5 Nd7 9. c4 b5 10. cxb5 Na5 11. h4 a6 12. b6 Qxb6 13. Bf4 Nc6 14. b3 a5 15. Nc3 Ba6 16. Rac1 Bb5 17. h5 Nd4 18. Qd2 Rfc8 19. h6 g6 20. Rfe1 Nxf3+ 21. Bxf3 Bc6 22. Rc2 Qd8 23. g4 g5 24. Bg3 Qf8 25. Rec1 Qxh6 26. d4 Qf8 27. Kg2 a4 28. bxa4 Bxa4 29. Nxa4 Rxa4 30. dxc5 Rxc5 31. Rh1 h6 32. Bd1 Rxc2 33. Bxc2 Ra3 34. Bb1 Qg7 35. Qb2 Bf8 36. Rc1 Ra7 37. Rc8 Nc5 38. Qb6 Rb7 39. Qxc5 Rxb1 40. a4 h5 41. gxh5 Rb3 42. a5 d4 43. a6 Rc3 44. Qxc3 1-0

[Event "Veliko Gradiste Silver Lake op-A"]
[Site "Veliko Gradiste"]
[Date "2015.06.24"]
[Round "5"]
[White "Badev, Kiril"]
[Black "Gazik, Viktor"]
[Result "1/2-1/2"]
[WhiteElo "2359"]
[BlackElo "2452"]
[PlyCount "86"]
[EventDate "2015.06.20"]
[EventType "swiss"]
[EventRounds "9"]
[EventCountry "SRB"]
[SourceTitle "CBM 167 Extra"]
[Source "ChessBase"]
[SourceDate "2015.09.14"]
[SourceVersion "1"]
[SourceVersionDate "2015.09.14"]
[SourceQuality "1"]

1. d4 Nf6 2. c4 c5 3. d5 e6 4. Nc3 exd5 5. cxd5 d6 6. e4 g6 7. Bb5+ Nbd7 8. f4 a6 9. Bd3 Bg7 10. Nf3 0-0 11. 0-0 Re8 12. f5 b5 13. fxg6 fxg6 14. Kh1 c4 15. Bc2 Nc5 16. Bg5 b4 17. Na4 Ncxe4 18. Bxe4 Rxe4 19. a3 h6 20. Bxf6 Bxf6 21. axb4 Bf5 22. Nc3 Re3 23. Qc1 Qe8 24. Nd1 Rxf3 25. gxf3 Bd3 26. Nc3 Bxf1 27. Qxf1 Qf7 28. Qxc4 Be5 29. Rf1 Rb8 30. f4 Rf8 31. Kg2 Bxf4 32. Qxa6 Qd7 33. Qe2 g5 34. b5 Re8 35. Qd1 Re3 36. Qh5 Kg7 37. Ne2 Qxb5 38. Nxf4 gxf4 39. Qg4+ Kh8 40. Qxf4 Qxd5+ 41. Kf2 Re6 42. Qf8+ Kh7 43. Qf7+ Kh8 1/2-1/2

[Event "Veliko Gradiste Silver Lake op-A"]
[Site "Veliko Gradiste"]
[Date "2015.06.22"]
[Round "3"]
[White "Badev, Kiril"]
[Black "Kovacevic, Aleksandar"]
[Result "0-1"]
[WhiteElo "2359"]
[BlackElo "2487"]
[PlyCount "96"]
[EventDate "2015.06.20"]
[EventType "swiss"]
[EventRounds "9"]
[EventCountry "SRB"]
[SourceTitle "CBM 167 Extra"]
[Source "ChessBase"]
[SourceDate "2015.09.14"]
[SourceVersion "1"]
[SourceVersionDate "2015.09.14"]
[SourceQuality "1"]

1. d4 Nf6 2. c4 e6 3. Nc3 Bb4 4. e3 0-0 5. Bd3 d5 6. Nf3 c5 7. 0-0 dxc4 8. Bxc4 Nbd7 9. Qe2 b6 10. a3 Bxc3 11. bxc3 Bb7 12. Bb2 Qc7 13. Ba2 Rfe8 14. c4 cxd4 15. exd4 Ng4 16. Ne5 Ngxe5 17. dxe5 Red8 18. Rac1 Nf8 19. h4 Ng6 20. g3 Rd7 21. h5 Rad8 22. Bc3 Ne7 23. Bb1 Nf5 24. Be4 Bxe4 25. Qxe4 h6 26. Kg2 Nd4 27. Bb4 Nb3 28. Bd6 Qc8 29. Rc2 Nc5 30. Qe2 Nb7 31. Bb4 Rd3 32. Ra1 R8d4 33. Bc3 Rd7 34. Bb4 Qc6+ 35. Kh2 Nc5 36. Rc3 Rxc3 37. Bxc3 Ne4 38. Rc1 Nc5 39. Be1 Rd4 40. Bc3 Rd7 41. Rd1 Rxd1 42. Qxd1 Qe4 43. Bd4 Nd3 44. Qa1 Ne1 45. Kh3 Qh1+ 46. Kg4 Qf3+ 47. Kh4 Ng2+ 48. Kh3 Nf4+ 0-1

[Event "Veliko Gradiste Silver Lake op-A"]
[Site "Veliko Gradiste"]
[Date "2015.06.21"]
[Round "2"]
[White "Velickovski Nejkovic, Maja"]
[Black "Badev, Kiril"]
[Result "0-1"]
[WhiteElo "2058"]
[BlackElo "2359"]
[PlyCount "68"]
[EventDate "2015.06.20"]
[EventType "swiss"]
[EventRounds "9"]
[EventCountry "SRB"]
[SourceTitle "CBM 167 Extra"]
[Source "ChessBase"]
[SourceDate "2015.09.14"]
[SourceVersion "1"]
[SourceVersionDate "2015.09.14"]
[SourceQuality "1"]

1. d4 d6 2. c4 e5 3. d5 Be7 4. e4 Bg5 5. Nc3 Bxc1 6. Qxc1 Ne7 7. c5 dxc5 8. Nf3 Nd7 9. Bb5 c6 10. dxc6 Nxc6 11. 0-0 0-0 12. Bxc6 bxc6 13. Rd1 Qe7 14. Na4 Rb8 15. Qc2 f5 16. exf5 Rb4 17. a3 Rf4 18. Qb3+ c4 19. Qe3 R8xf5 20. Rd2 Nf6 21. Nd4 Rxd4 22. Rxd4 Nd5 23. Rxd5 cxd5 24. Rd1 Be6 25. b4 d4 26. Qe4 Qd7 27. Nc5 Bd5 28. Qxe5 Rxe5 29. Nxd7 Re7 30. Nc5 c3 31. f3 c2 32. Rc1 Re2 33. Kf1 Bc4 34. Nb3 d3 0-1

[Event "BUL-chT 64th"]
[Site "Sunny Beach"]
[Date "2015.06.01"]
[Round "2.3"]
[White "Badev, Kiril"]
[Black "Chatalbashev, Boris"]
[Result "0-1"]
[WhiteElo "2359"]
[BlackElo "2541"]
[PlyCount "98"]
[EventDate "2015.05.31"]
[EventType "team-tourn"]
[EventRounds "7"]
[EventCountry "BUL"]
[SourceTitle "CBM 166 Extra"]
[Source "ChessBase"]
[SourceDate "2015.06.18"]
[SourceVersion "1"]
[SourceVersionDate "2015.06.18"]
[SourceQuality "1"]
[WhiteTeam "Radnevo Maritsa Iztok"]
[BlackTeam "Razgrad Abritus"]
[WhiteTeamCountry "BUL"]
[BlackTeamCountry "BUL"]

1. e4 g6 2. d4 Bg7 3. Nc3 d6 4. h3 a6 5. g4 b5 6. Bg2 Bb7 7. Nge2 Nf6 8. 0-0 b4 9. g5 bxc3 10. gxf6 exf6 11. Nxc3 0-0 12. Bf4 Nd7 13. Qd2 Nb6 14. b3 f5 15. Bh6 Qd7 16. Rfe1 Rae8 17. Bxg7 Kxg7 18. d5 fxe4 19. Qd4+ f6 20. Rxe4 Rxe4 21. Qxe4 Re8 22. Qd4 Qf5 23. Qd2 h5 24. Rd1 h4 25. a4 g5 26. Re1 Qf4 27. Qd1 Re5 28. Rxe5 Qxe5 29. Qd2 Nc8 30. f4 gxf4 31. Ne2 Ne7 32. Nxf4 Bc8 33. Nd3 Qg3 34. Nf4 Kf7 35. Ne2 Qe5 36. Kf2 Ng6 37. c4 Bxh3 38. Qh6 Qf5+ 39. Bf3 Ne5 40. Qh5+ Kg7 41. Qxf5 Bxf5 42. Nd4 Kg6 43. a5 Bd7 44. Ne6 Bxe6 45. dxe6 Nxf3 46. Kxf3 c5 47. Ke4 h3 48. Kd5 h2 49. Kxd6 Kf5 0-1